00213nam a2200085Ia 450000500170000000800410001724500420005826000100010099900170011020250523150954.0250523s9999 xx 000 0 und d 0aSerüven AvcılarıcJeanne Birdsall bALTIN c11923d11923